000 00834nam a22002297a 4500
005 20251108172456.0
008 250721s2000 xx 000 0 ara d
082 1 4 _a613.0434/درو
100 1 _aدرويش، عفاف عبد المنعم
245 1 0 _aالحركة وكبار السن : دعوة للمشاركة البدنية - النفسية -العقلية - الأجتماعية /
264 1 _aالاسكندرية :
_bمنشأة المعارف،
_c2000.
300 _a212ص.
650 1 7 _aالصحة
650 1 7 _aالأحوال الصحية
650 1 7 _aالمسنون
650 1 7 _aرعاية المسنين
650 1 7 _aالألعابالرياضية
650 1 7 _aالتمرينات الرياضية
700 1 _aبريقع، محمد جابر
_eمؤلف مشارك
942 _2ddc
_cBK
999 _c80282
_d80282